| 000 | 00427nam a22001571a 4500 | ||
|---|---|---|---|
| 082 |
_aH 934.02 _bSAT/V |
||
| 100 | _aSatyavrat Siddhantalankar | ||
| 245 |
_aVedic sanskriti ka sandesh/ _cby Satyavrat Siddhantalankar |
||
| 260 |
_aNew Delhi: _bSanskar Prakasan, _c1999. |
||
| 300 | _a334p. | ||
| 650 | _aHistory Vedic Period | ||
| 650 | _aHistory Ancient India | ||
| 650 | _aHistory India | ||
| 650 | _aHistory | ||
| 942 | _cBK | ||
| 999 |
_c49519 _d49519 |
||